| 000 | 005000000a22001690004500 | ||
|---|---|---|---|
| 020 | _a84-8280-099-X | ||
| 041 | 0 | _aSPA | |
| 082 | 0 | 4 | _aG 843.76 D8861d |
| 100 | 1 | _aDumas, Alejandro (1802–1870) | |
| 245 | 1 | 0 | _aLa dama de las camelias / Alejandro Dumas ; Ana María Moix, Traductor |
| 260 | _aBogotá, Colombia : Oveja Negra | ||
| 300 | _a223 Pag | ||
| 440 | 0 | _aColección Historia Universal de la Literatura | |
| 500 | _aTítulo original : La dame aux camelias | ||
| 001 | 13096 | ||
| 942 | _cBK | ||
| 999 |
_c42088 _d42088 |
||